| 000 | 00914nam a2200205Ii 4500 | ||
|---|---|---|---|
| 003 | JO-AjNU | ||
| 008 | 230605s9999||||xx |||||||||||||| ||und|| | ||
| 040 |
_aJO-AjNU _bara _erda _cJO-AjNU |
||
| 041 | _aara | ||
| 050 | 1 | 4 | _aKMC146.B86.2003 |
| 100 | 3 |
_aالبستاني، سعيد يوسف , _eauthor _945952 |
|
| 245 | 0 | 0 | _aالجنسية والقومية في تشريعات الدول العربية " دراسة مقارنة " |
| 250 | _a(د،ط) | ||
| 264 | 3 | 1 | _aبيروت : منشورات الحلبي الحقوقية ، 2003 |
| 300 |
_a369ص _bيشتمل على ببلوغرافية ص ( 349 - 353 ) |
||
| 336 |
_atext _btxt _2rdacontent |
||
| 337 |
_aunmediated _bn _2rdamedia |
||
| 338 |
_avolume _bnc _2rdacarrier |
||
| 650 | 4 |
_aالجنسية -- قوانين وتشريعات -- البلاد العربية -- المواطنة -- قوانين وتشريعات -- البلاد العربية _945953 |
|
| 999 |
_aA19956 _c23524 _d23524 |
||